Inazuma Eleven 2 - Tous les personnages - Statistiques

Statistiques générales
  • Ce quiz a été pris 203 fois
  • Le résultat moyen est 37 sur 202
Statistiques - réponses
% Correct
Mark Evans
99%
Axel Blaze
97%
Jude Sharp
89%
Jack Wallside
86%
Nathan Swift
86%
Shawn Froste
86%
Kevin Dragonfly
85%
Celia Hills
81%
Nelly Raimon
80%
Tod Ironside
80%
Xene
79%
Scotty Banyan
78%
Silvia Woods
77%
Hurley Kane
75%
Bobby Shearer
73%
Janus
73%
Suzette Hartland
73%
Victoria Vanguard
72%
Erik Eagle
69%
Jim Wraith
69%
Sam Kincaid
69%
Darren Lachance
67%
Aquilina Schiller
65%
Steve Grim
64%
Seymour Hillman
63%
Byron Love
61%
Dvalin
61%
Torch
61%
Timmy Sanders
60%
Gazelle
59%
Bellatrix
56%
Shadow Cimmerian
56%
William Glass
55%
Caleb Stonewall
48%
Maxwell Carson
46%
David Samford
45%
Joseph King
44%
Malcolm Night
41%
Thomas Feldt
41%
Astram B. Schiller
40%
Nero
39%
Cadence Soundtown
33%
Ray Dark
33%
Zell
32%
Wittz
29%
Diam
25%
Neppten
24%
Mercury
22%
Heat
18%
Bomber
17%
Metron
16%
Ark
14%
Galileo
14%
Grent
14%
Icer
14%
Ganymede
13%
Gocker
13%
Beluga
12%
Crane Kik
12%
Diamond Dust
12%
Droll
12%
Epsilon
12%
Genesis
12%
Godric Wyles
12%
Io
12%
Prominence
12%
Zohen
12%
Chaos
11%
Jonathan Luckyman
11%
Pandora
11%
Rhine
11%
Rihm
11%
Alpin
10%
Baller
10%
Clear
10%
Cloître Sacré
10%
Empereurs Noirs
10%
Fedora
10%
Frost
10%
Kiburn
10%
Kiwill
10%
Nouvelle Royal Academy
10%
Fauxshore
9%
Gele
9%
Kormer
9%
Services Secrets
9%
Triple C
9%
Arkew
8%
Dirk Artz
8%
Lean
8%
Grengo
7%
Hauser
7%
Krypto
7%
Lily Willow
7%
Tempête des Gemaux
7%
Tytan
7%
Daisy Fields
6%
Ian Smith
6%
Kenville
6%
Mary Times Memorial
6%
Sworm
6%
Charon
5%
Coral
5%
Kayson
5%
Mme. Hartland
5%
Sue Sparrow
5%
Tyke Wando
5%
Balen
4%
Blown
4%
Marshall Artz
4%
Mole
4%
Roland Climbstein
4%
Argie Bargie
3%
Balcke
3%
Bountine
3%
Dora Delight
3%
Gigs
3%
Joaquine Downtown
3%
Maddox Rock
3%
Quentin Rackner
3%
Raimon II
3%
Riley Jamm
3%
Sidern
3%
Spring Milpond
3%
Adam Ropes
2%
Cannon Random
2%
Eugene Conwell
2%
Kerry Bootgaiter
2%
Marge Fielding
2%
Robot B
2%
Robot C
2%
Robot F
2%
Robot G
2%
Robot K
2%
Robot L
2%
Robot O
2%
Robot P
2%
Robot S
2%
Robot T
2%
Robot V
2%
Seats
2%
Sous-Bois FC
2%
Alexia Sand
1%
Bela Bluebells
1%
Blade Healen
1%
Brendan Water
1%
Bri Spark
1%
Dave Fate
1%
Drancis Fake
1%
Esther Greenland
1%
Eton Messer
1%
Hellen Hearth
1%
Hillary Bush
1%
Holly Mirror
1%
Ian Telektual
1%
Joe Kenneddy
1%
Jonah Spark
1%
Judas Deathcap
1%
Junior Fardream
1%
Ken Ironwall
1%
Lee Bamboo
1%
Lee Dinglite
1%
Louis Leave
1%
Mackenzie Fordline
1%
Mary Moor
1%
Maurice Badgame
1%
Max Fortune
1%
Milton Bindings
1%
Parry Waxon
1%
Robert Skipolson
1%
Robots de Garde
1%
Rocky Black
1%
Rose Pinkpetal
1%
Sean Snowfield
1%
Shirley Stevens
1%
Spencer Duskplay
1%
Spike Gleeson
1%
Taylor Firepool
1%
Tom Contented
1%
Ulric Richmen
1%
Victor Hills
1%
Aspen Blewit
0%
Cam Mando
0%
Chad Taylor
0%
Chase Faithfull
0%
Chris Ticker
0%
Dany Destiny
0%
Garjan Cypress
0%
Harry Boufante
0%
Hector Redding
0%
Joston Easton
0%
Marismus Oregon
0%
Marshall Firsthand
0%
M. Balding
0%
Mick Mishop
0%
Natalie Sunrise
0%
Rowan Belzer
0%
Roy Daring
0%
Scaber Enoki
0%
Timothy Western
0%
Todd Stuhl
0%
Wallace Hammond
0%
Aucun quiz correspondant
Distribution des résultats
% des personnes avec chaque résultat
Percentile par nombre de réponses
Votre historique - résultats
Vous n’avez pas pris ce quiz